Statistics for National Rail Stations in City of Bristol

Click here to take the quiz!

General Stats

  • This quiz has been taken 159 times
  • The average score is 5 of 12

Answer Stats

Station% Correct
Bristol Temple Meads
98%
Clifton Down
51%
Bedminster
49%
Montpelier
46%
Redland
44%
Avonmouth
42%
Lawrence Hill
40%
Stapleton Road
35%
Parson Street
27%
Shirehampton
24%
Sea Mills
22%
St Andrews Road
12%

Score Distribution

Percentile by Number Answered

Percent of People with Each Score

Your Score History

You have not taken this quiz